ბათუმის შოთა რუსთაველის სახელმწიფო უნივერსიტეტის ბიბლიოთეკა

Обработка результатов наблюдений (ბიბ.ჩანაწერი № 39053)

000 -LEADER
fixed length control field 00661nam a2200217Ia 4500
001 - CONTROL NUMBER
control field 5579
003 - CONTROL NUMBER IDENTIFIER
control field GE_BSU
008 - FIXED-LENGTH DATA ELEMENTS--GENERAL INFORMATION
fixed length control field 181216s||||||||xx |||||||||||||| ||und||
040 ## - CATALOGING SOURCE
Transcribing agency GE_BSU
080 ## - UNIVERSAL DECIMAL CLASSIFICATION NUMBER
Universal Decimal Classification number 519.21
100 ## - MAIN ENTRY--PERSONAL NAME
Personal name Касандрова О.Н: В.В. Лебедев.
245 ## - TITLE STATEMENT
Title Обработка результатов наблюдений
245 ## - TITLE STATEMENT
Remainder of title Учеб пособие для сеуд. вузов
245 ## - TITLE STATEMENT
Statement of responsibility, etc. Ред. А.Н.Руденко
260 ## - PUBLICATION, DISTRIBUTION, ETC.
Place of publication, distribution, etc. Москва
260 ## - PUBLICATION, DISTRIBUTION, ETC.
Name of publisher, distributor, etc. Наука
260 ## - PUBLICATION, DISTRIBUTION, ETC.
Date of publication, distribution, etc. 1970
300 ## - PHYSICAL DESCRIPTION
Extent 103 с 20 см.
653 ## - INDEX TERM--UNCONTROLLED
Uncontrolled term Обработка результатов наблюдений
942 ## - ADDED ENTRY ELEMENTS (KOHA)
Koha item type წიგნი
ეგზემპლარები
Withdrawn status Lost status Damaged status Not for loan Date acquired Barcode Date last seen Price effective from Koha item type
        2018-12-17 16416 2018-12-17 2018-12-17 წიგნი